| Поле | Инд. | ПП | Название | Значение |
|---|---|---|---|---|
| Тип записи | a | |||
| Библиографический уровень | m | |||
| 001 | Контрольный номер | f54cdbfe-206f-4240-abb6-279eb0a5243b | ||
| 005 | Дата корректировки | 20131112063620.9 | ||
| 008 | Кодируемые данные | 001110 d | ||
| 020 | a | ISBN | 5-8018-0060-3 | |
| 040 | a | Служба первич. каталог. | НБ ТвГУ | |
| 041 | a | Код языка текста | rus | |
| 080 | a | Индекс УДК | 330.131.7 | |
| 084 | a | Индекс другой классификации/Индекс ББК | У9(2)0-97 | |
| a | Индекс другой классификации/Индекс ББК | У9(2)29-97 | ||
| 090 | a | Полочн. индекс | У9(2) | |
| x | Авторский знак | Г77 | ||
| c | Каталожный индекс | У9(2)0-97 + У9(2)29-97 | ||
| 100 | 1_ | a | Автор | Гранатуров В.М. |
| 245 | 0_ | a | Заглавие | Экономический риск |
| b | Продолж. заглавия | Сущность, методы измерения, пути снижения Учеб. пособие | ||
| 260 | 0_ | a | Место издания | Москва |
| b | Издательство | Дело и Сервис | ||
| c | Дата издания | 1999 | ||
| 300 | a | Объем | 111,[1] с. | |
| b | Иллюстрации/ тип воспроизводства | ил. | ||
| 504 | a | Библиография | Библиогр.: с.109-110. | |
| 650 | a | Основная рубрика | Предпринимательство | |
| x | Основная подрубрика | Риски экономические | ||
| x | Основная подрубрика | Экономика | ||
| 653 | a | Ключевые слова | Оценка риска | |
| a | Ключевые слова | Предпринимательство | ||
| a | Ключевые слова | Риски | ||
| a | Ключевые слова | Управление рисками | ||
| a | Ключевые слова | Экономические риски | ||
| 930 | a | Новая/Ретро | учебники | |
| 954 | a | Дата поступления на обработку | 20000211 | |
| 999 | a | Подразделение 2 | Каб.УиС |